| 000 | 01230nam a2200325 a 4500 | ||
|---|---|---|---|
| 999 |
_c354658 _d354658 |
||
| 003 | BLK | ||
| 005 | 20250122132850.0 | ||
| 008 | 200310b bul|||||r ||||||| ||bul|| | ||
| 010 | _aKNG00024201RET | ||
| 040 | _aBLK | ||
| 041 |
_aBUL _cBUL |
||
| 080 |
_aИндивидуална етика. Морално съзнание. Задължения на човека към самия себе си. Поведение на отделен човек _b171 _z171 |
||
| 100 |
_91435 _aХаралампиев, Георги _eстъкмил |
||
| 139 |
_aХаралампиев, Георги _bХ 26 |
||
| 245 | 1 | 0 |
_aКратко ръководство по учтивостта _bКн. необходима за всяко семейство _cСтъкмил Георги Харалампиев. |
| 257 | _aBGR | ||
| 260 |
_aРусе _c1902 _fБ. Н. Малджиев |
||
| 300 |
_a71 с. _c19 см |
||
| 380 | _a1 | ||
| 650 | 7 |
_9155121 _aЕтика |
|
| 653 | 7 |
_aетика _9186471 |
|
| 852 | _aК 1/Х 26 | ||
| 856 | 4 |
_qpdf _u |
|
| 856 | 4 |
_qpdf _u |
|
| 942 |
_cKNG _n0 _s1 _01 |
||
| 944 |
_aCR _c2020-04-15 _k30558 _lВаля Йорданова |
||
| 944 |
_aED _c19.09.2007 _kBULLIB |
||
| 999 | _d354658 | ||
| 999 | _d362790 | ||